000 00463nam a2200157Ia 4500
008 160316s1998 xxu||||| |||| 00| 0 eng d
082 _a346.017000
_bCHI
100 _a
245 _aThe child in Philippine law an abstract on Philippine laws and policies on youth and children
250 _a
260 _aPhilippines
_bChildren and Youth Foundation
_c1998
300 _a34
_b
_c
365 _b
650 _a1. legislation 2. youth 3. children
700 _a
_a
999 _c33517
_d33517